| 000 | 00311nam a2200109Ia 4500 | ||
|---|---|---|---|
| 008 | 230907s9999||||xx |||||||||||||| ||und|| | ||
| 082 |
_a658.202 _bCRU |
||
| 100 |
_aCruzan, Ryan _9118038 |
||
| 245 |
_aManager's guide to preventive building maintenance / _cRyan Cruzan. |
||
| 260 | _c2019-09-27 | ||
| 942 |
_2ddc _cEB |
||
| 999 |
_c599650 _d599650 |
||